1492 : el encubrimiento del Otro. Hacia el origen del “mito de la modernidad”

1492. El encubrimiento del Otro" es un libro del filósofo Enrique Dussel que critica la Modernidad, sosteniendo que el año 1492 marca su nacimiento y el comienzo de un proceso de "encubrimiento" de las culturas no europeas, a las que se les negó la alteridad para reducirlas a "lo Mismo" europeo. El...

Descripción completa

Detalles Bibliográficos
Autor principal: Dussel, Enrique D. 1934-
Formato: Libro electronico
Lenguaje:español
Acceso en línea:Acceso electrónico al documento

MARC

LEADER 00000cab a2200000 a 4500
001 042322
003 UAHC_CL
005 20250930162453.0
008 250930s2012 ag 000 spa
040 |a UAHC_CL  |c UAHC_CL  |d UAHC_CL 
100 |a Dussel, Enrique D.  |d 1934-  |9 410 
245 1 0 |a 1492 :  |b el encubrimiento del Otro. Hacia el origen del “mito de la modernidad”  |c Enrique Dussel. 
264 |a Buenos Aires :  |b Docencia,   |c 2012. 
300 |a 222 páginas. 
500 |a Sitio visitado https://www.enriquedussel.com/txt/Textos_Obras_Selectas/(F)19.1492_encubrimiento.pdf el 30 de septiembre de 2025. 
520 |a 1492. El encubrimiento del Otro" es un libro del filósofo Enrique Dussel que critica la Modernidad, sosteniendo que el año 1492 marca su nacimiento y el comienzo de un proceso de "encubrimiento" de las culturas no europeas, a las que se les negó la alteridad para reducirlas a "lo Mismo" europeo. El texto argumenta que en 1492 Europa se constituyó como un "ego" conquistador que necesitó deshumanizar al Otro para afirmarse, y propone una reflexión filosófica y una teoría del diálogo intercultural para construir una mundialidad plural y concreta en la que todas las culturas tengan un aporte propio.  
856 |y Acceso electrónico al documento  |u https://www.enriquedussel.com/txt/Textos_Obras_Selectas/(F)19.1492_encubrimiento.pdf 
942 |c LE  |2 ddc 
952 |0 0  |1 0  |4 0  |6 RECURSO_ELECTRÓNICO  |7 0  |8 COMP  |9 101339  |a BR  |b BR  |c Digital  |d 2025-09-30  |l 0  |o Recurso electrónico  |r 2025-09-30 16:19:15  |w 2025-09-30  |y LE  |B LHIS 
999 |c 63059  |d 63059